Effect of colr netting on growing of chine kale at royal university of agriculture,(ឥទ្ធិពលនៃពណ៎ស្បៃមុខទៅលើការលូតលាស់របស់ដំណាំខាត់ណាដើម នៅសាកលវិទ្យាល័យភូមិន្ទកសិកម្ម) (Record no. 1231)

000 -LEADER
fixed length control field 00694nam a22001577a 4500
003 - CONTROL NUMBER IDENTIFIER
control field OSt
005 - DATE AND TIME OF LATEST TRANSACTION
control field 20150925092122.0
008 - FIXED-LENGTH DATA ELEMENTS--GENERAL INFORMATION
fixed length control field 150925b xxu||||| |||| 00| 0 eng d
040 ## - CATALOGING SOURCE
Transcribing agency RUA
082 ## - DEWEY DECIMAL CLASSIFICATION NUMBER
Classification number AGR CHH 2012 B052 Or.1
100 ## - MAIN ENTRY--PERSONAL NAME
9 (RLIN) 1300
Personal name CHHEANG CHETRA
245 ## - TITLE STATEMENT
Title Effect of colr netting on growing of chine kale at royal university of agriculture,(ឥទ្ធិពលនៃពណ៎ស្បៃមុខទៅលើការលូតលាស់របស់ដំណាំខាត់ណាដើម នៅសាកលវិទ្យាល័យភូមិន្ទកសិកម្ម)
260 ## - PUBLICATION, DISTRIBUTION, ETC. (IMPRINT)
Place of publication, distribution, etc. phnom penh
Name of publisher, distributor, etc. RUA
Date of publication, distribution, etc. 2012
300 ## - PHYSICAL DESCRIPTION
Extent xi, 34p.
Dimensions ill.
Size of unit 29cm.
942 ## - ADDED ENTRY ELEMENTS (KOHA)
Source of classification or shelving scheme
Koha item type AGR
Holdings
Price effective from Date last seen Permanent Location Not for loan Date acquired Source of classification or shelving scheme Koha item type Lost status Withdrawn status Total Renewals Date last checked out Total Checkouts Shelving location Damaged status Barcode Current Location Full call number
2015-09-252019-02-26Library Block B 2015-09-25 AGR   2019-02-115B052 RUA004555Library Block BAGR CHH 2012 B052 Or.1
2015-09-252018-08-08Library Block B 2015-09-25 AGR  12018-06-254B052 RUA005406Library Block BAGR CHH 2012 B052 Or.1
មជ្ឈមណ្ឌលឯការនៃសាកលវិទ្យាល័យភូមិន្ទកសិកម្មចំការដូង

Powered by Koha